[Event "73rd RUS-ch Higher League 2020"]
[Site "Sochi"]
[Date "2020.10.15"]
[Round "7.4"]
[White "Paravyan, David"]
[Black "Antipov, Mikhail Al."]
[Result "0-1"]
[WhiteElo "2653"]
[BlackElo "2591"]
[Annotator "TA"]
[PlyCount "84"]
[EventDate "2020.10.08"]
[EventType "swiss"]
[EventCountry "RUS"]
[SourceTitle "playchess.com"]
[Source "ChessBase"]
[SourceQuality "1"]

{[%evp 25,84,0,0,-10,0,-35,-28,-17,0,-17,-19,-23,-29,-37,-33,-39,-25,-97,-72,-95,-89,-86,-73,-131,-152,-255,-248,-210,-206,-199,-195,-209,-205,-257,-251,-264,-221,-344,-337,-360,-344,-353,-341,-443,-408,-423,-395,-383,-395,-414,-385,-438,-433,-456,-448,-442,-437,-479,-452,-452,-463]} 1. e4 e5 2. Nf3 Nc6 3. Bb5 Nf6 4. O-O Nxe4 5. d4 Nd6 6. Bxc6 dxc6 7. dxe5 Nf5 8. Qxd8+ Kxd8 9. Nc3 Bd7 10. h3 h6 11. b3 Kc8 12. Bb2 b6 13. Rad1 a5 14. a4 {C67: Ruy Lopez: Berlin Defence: 4 0-0 Nxe4.} c5 $5 {[%mdl 4] [#] Exploring less charted territory.} 15. g4 $146 {[#] Strongly threatening Rxd7.} ({Predecessor:} 15. Rfe1 Ne7 16. Rd2 Be6 17. Red1 Kb7 18. Nb5 Nc6 19. c4 Be7 20. Nc3 Rad8 21. Nd5 Bg5 22. Nxg5 hxg5 {½-½ (46) Parligras,M (2574)-Lanzani,M (2362) Collado Villalba 2010}) 15... Ne7 16. Kh2 {Black has an edge.} Nc6 17. Nd5 c4 18. bxc4 Nb4 19. Nd4 Bxa4 20. Ra1 Bd7 21. Rfb1 (21. Rfd1 $11 {keeps the balance.}) 21... Kb7 22. Ba3 g5 23. Kg2 Bg7 24. Re1 (24. Bxb4 $142 axb4 25. Rxa8 Rxa8 26. Nf3) 24... Nc6 $17 25. c3 (25. Nxc6 $17 {keeps fighting.} Bxc6 26. Kg3) 25... Nxe5 $19 26. c5 Rhe8 27. cxb6 cxb6 28. Ne3 {intending Nef5.} Nd3 29. Reb1 Rac8 30. Ndf5 Be5 31. Nd5 (31. Nd6+ {is a better defense.} Bxd6 32. Bxd6) 31... Nf4+ 32. Nxf4 {[#] Nd5 is the strong threat.} Bxf5 ({Not} 32... gxf4 33. Nd6+ Bxd6 34. Bxd6 $17) 33. gxf5 {aiming for Nd5.} Bxf4 34. Re1 Re5 35. Rad1 Rxf5 36. Rd3 Rf6 37. Re4 Rfc6 38. Bb2 Rc4 {Black is clearly winning.} 39. Re7+ R8c7 40. Re8 h5 41. Kf3 f6 42. h4 gxh4 {Black took control after the opening. Av CentiPawn Loss W=-25/B=-9. Weighted=-24/-9} 0-1

[Event "73rd RUS-ch Higher League 2020"]
[Site "Sochi"]
[Date "2020.10.15"]
[Round "7.5"]
[White "Pridorozhni, Aleksei"]
[Black "Rakhmanov, Aleksandr"]
[Result "1/2-1/2"]
[WhiteElo "2596"]
[BlackElo "2646"]
[Annotator "TA"]
[PlyCount "133"]
[EventDate "2020.10.08"]
[EventType "swiss"]
[EventCountry "RUS"]
[SourceTitle "playchess.com"]
[Source "ChessBase"]
[SourceQuality "1"]

{[%evp 9,133,14,23,21,24,18,19,10,21,14,16,15,31,-16,-21,-35,-24,-26,-22,-22,0,0,0,0,0,0,0,0,20,15,19,19,20,20,23,0,0,0,0,0,0,0,0,0,0,-7,0,0,60,57,74,74,74,74,74,74,74,74,74,74,74,74,74,74,74,74,74,70,81,81,81,74,74,74,74,60,60,60,60,60,67,60,70,60,60,60,60,57,60,50,51,30,30,30,30,30,30,30,30,30,30,30,30,30,35,35,100,8,8,8,8,0,8,8,8,8,8,8,8,8,8,8,8,0,0,-8]} 1. e4 e5 2. Nf3 Nf6 3. d4 Nxe4 4. dxe5 d5 5. Nbd2 Nxd2 6. Bxd2 {C43: Petroff Defence: 3 d4.} Be7 7. Bd3 c5 8. c3 Nc6 9. O-O Be6 10. Re1 O-O {[#]} 11. b4 $146 ({Predecessor:} 11. Qc2 h6 12. Qc1 Qc8 13. h3 Bf5 14. Bf1 Qe6 15. Bf4 Rad8 16. Bg3 d4 17. cxd4 Nxd4 18. Nxd4 Rxd4 {½-½ (24) Karpatchev,A (2433)-Panagiotakos,N (2102) Heraklion 2018}) 11... c4 12. Bc2 d4 13. b5 dxc3 14. Bxc3 Qxd1 15. Rexd1 ({Much worse is} 15. Raxd1 Nb4 $15) 15... Nb4 16. Be4 Rad8 17. Nd4 Bc5 18. a4 Nd3 19. Bxd3 cxd3 20. Rxd3 Rd5 21. Rd2 Bxd4 22. Rxd4 Rxe5 23. Rad1 h5 24. h3 Rf5 25. Rd8 Rf4 26. Rxf8+ Kxf8 $11 {[%mdl 4096] Endgame KRB-KRB} 27. Rd8+ Ke7 28. Rb8 Rxa4 (28... Bd5 $11) 29. Rxb7+ $14 Bd7 30. Bxg7 Ra5 31. Bc3 Rxb5 32. Rxa7 Rd5 33. Kh2 Ke6 34. Ra6+ Rd6 35. Ra8 Rd3 36. Bb4 Rd5 37. Rh8 Bb5 38. Rh6+ Kd7 39. Ba3 Bd3 40. Bc1 Bg6 41. Rh8 Rc5 42. Be3 Rc8 43. Rh6 Rc4 44. Kg3 Re4 45. Bf4 Rc4 46. Be5 Ke6 47. Bg7 Rc8 48. Kf4 Rg8 49. Bd4 Ra8 50. f3 Ra4 51. Ke3 Ra2 52. g3 Kd5 {[#] ...Ra3+ is the strong threat.} 53. Bg7 Ra3+ 54. Kf4 Ra4+ 55. Kg5 Ra3 56. g4 Rxf3 57. gxh5 Be4 (57... Bd3 $14) 58. h4 ({Better is} 58. Ra6 $16) 58... Rf5+ $1 $11 {The position is equal.} 59. Kg4 {[#] Strongly threatening Rh8.} Rf1 60. Bf6 Ke6 61. Bd4+ f6 62. Rh8 Kf7 63. h6 Bf5+ 64. Kg3 Be4 65. h7 {Hoping for Rf8+!} Kg7 $1 {[%cal Rg7h8]} 66. Rf8 Bxh7 67. Rxf6 {Av CentiPawn Loss W=-5/B=-4. Weighted=-6/-4} 1/2-1/2

[Event "73rd RUS-ch Higher League 2020"]
[Site "Sochi"]
[Date "2020.10.15"]
[Round "7.6"]
[White "Ponkratov, Pavel"]
[Black "Sakaev, Konstantin"]
[Result "1/2-1/2"]
[WhiteElo "2628"]
[BlackElo "2596"]
[Annotator "TA"]
[PlyCount "81"]
[EventDate "2020.10.08"]
[EventType "swiss"]
[EventCountry "RUS"]
[SourceTitle "playchess.com"]
[Source "ChessBase"]
[SourceQuality "1"]

{[%evp 12,81,8,3,30,27,26,30,35,35,32,24,30,31,28,16,31,-47,-49,-69,-37,-34,-15,-55,-54,-147,-147,-163,-110,-176,-171,-188,-150,-165,-167,-320,-136,-156,-148,-174,-166,-155,-106,-108,-108,-108,-111,-103,-106,-99,-102,-85,-50,-50,0,0,0,0,0,0,0,0,0,0,0,0,0,0,0,0,0,0]} 1. e4 c5 2. Nf3 d6 3. d4 cxd4 4. Nxd4 Nf6 5. Nc3 a6 6. h3 e5 7. Nde2 h5 {B90: Sicilian Najdorf: Unusual White 6th moves, 6 Be3 Ng4 and 6 Be3 e5.} 8. g3 (8. Be3 Be7 9. g3 Be6 10. Bg2 Nc6 11. f4 Rc8 12. O-O b5 13. a4 b4 14. Nd5 Bxd5 15. exd5 Na5 16. b3 Nb7 17. a5 Nxa5 18. Qd2 Nb7 19. Rxa6 O-O 20. Rb6 {1-0 (28) Ponkratov,P (2632)-Sakaev,K (2596) Khanty-Mansiysk 2019}) 8... Nbd7 9. a4 Be7 {White has an edge.} 10. Bg2 b6 11. Nd5 {11.Bg5 is not played anymore.} Nxd5 12. Qxd5 Rb8 13. O-O h4 {[#]} 14. f4 $146 ({Better is} 14. g4 $14) ({Predecessor:} 14. g4 Bb7 15. Qd1 Nc5 16. Nc3 Ne6 17. Be3 Bg5 18. Bxg5 Nxg5 19. Qd2 Ne6 20. Rad1 {0-1 (48) Karthikeyan,M (2578)-Shyam,N (2422) Patna 2017}) 14... hxg3 $15 {White must now prevent ...Nf6.} 15. Qb3 Bf6 (15... Qc7 {with more complications.} 16. Qxg3 Qxc2 17. Nc3 Kf8 18. Nd5 Bh4) 16. Qxg3 Bb7 17. f5 Rc8 18. Rd1 ({White should play} 18. Nc3 $15) 18... Rxc2 $17 19. Qd3 Rc6 (19... Qc8 $19 20. Ra3 Qc4 21. Qxc4 Rxc4) 20. Ng3 (20. Be3 $17) 20... a5 $19 21. Qf3 Ba6 22. Nh5 Rc2 {...Be2 is the strong threat.} 23. Bd2 $2 {[#]} (23. Rd2 Qc7 24. Qd1) 23... Qc7 (23... Nc5 $1 $19 {is more deadly. Strongly threatening ...Bg5.} 24. Ra3 Ke7) 24. Rac1 $17 Ke7 25. Qb3 Rc8 26. Nxf6 Nxf6 27. Be3 Qc6 {[#] Threatens to win with ...Rxg2+!} ({Much weaker is} 27... Rxc1 $6 28. Rxc1 Qb8 29. Rxc8 $11) (27... Bb7 {looks sharper.} 28. Bxb6 Qc4 29. Qxc2 Qxc2 30. Rxc2 Rxc2 31. Re1 Rxb2 32. Bxa5 Nh5) 28. Rxc2 Qxc2 29. Qxc2 Rxc2 30. Bxb6 Bb7 31. Bxa5 Rxb2 32. Rc1 Bxe4 33. Rc7+ {The position is equal.} Ke8 (33... Kf8 $5 34. Rc8+ $8 Ke7 35. Rc7+ Kf8 36. Rc8+ Ke7 37. Rc7+ $11) 34. Rc8+ Kd7 (34... Ke7 $5 35. Rc7+ $8 Kf8 36. Rc8+ Ke7 37. Rc7+ $11) 35. Rc7+ Ke8 36. Rc8+ Kd7 (36... Ke7 $5 37. Rc7+ $8 Kf8 38. Rc8+ Ke7 39. Rc7+ $11) 37. Rc7+ Ke8 38. Rc8+ Kd7 (38... Ke7 $5 39. Rc7+ $8 Kf8 40. Rc8+ Ke7 41. Rc7+ $11) 39. Rc7+ Ke8 40. Rc8+ Kd7 (40... Ke7 $5 41. Rc7+ $8 Kf8 42. Rc8+ Ke7 43. Rc7+ $11) 41. Rc7+ {Black had all chances to win. Av CentiPawn Loss W=-15/B=-15. Weighted=-22/-14} 1/2-1/2

[Event "73rd RUS-ch Higher League 2020"]
[Site "Sochi"]
[Date "2020.10.15"]
[Round "7.7"]
[White "Goryachkina, Aleksandra"]
[Black "Predke, Alexandr"]
[Result "1/2-1/2"]
[WhiteElo "2582"]
[BlackElo "2676"]
[Annotator "TA"]
[PlyCount "117"]
[EventDate "2020.10.08"]
[EventType "swiss"]
[EventCountry "RUS"]
[SourceTitle "playchess.com"]
[Source "ChessBase"]
[SourceQuality "1"]

{[%evp 9,117,14,28,22,17,17,11,6,30,0,0,0,0,0,0,0,0,0,0,0,0,0,7,3,5,3,7,6,8,0,6,5,0,2,0,0,5,5,7,7,4,10,9,6,14,8,9,0,7,0,1,0,9,6,14,0,27,23,31,26,31,31,54,27,30,30,30,27,30,10,27,14,56,15,14,0,0,0,0,0,0,0,0,0,0,0,0,0,0,0,0,0,0,0,0,0,0,0,0,0,0,0,0,0,0,0,0,0,0,0]} 1. d4 Nf6 2. c4 e6 3. Nf3 d5 4. Nc3 Bb4 5. Qa4+ Nc6 6. Bd2 {D38: Queen's Gambit Declined: Ragozin Defence (4 Nf3 Bb4).} O-O 7. a3 $1 {[%mdl 4] is recently more successful than 7.e3. Played by Magnus Carlsen in June 2020.} Bxc3 8. Bxc3 Ne4 9. Qc2 {[#]} e5 $146 ({Predecessor:} 9... Re8 10. e3 Nxc3 11. Qxc3 Qd6 12. cxd5 exd5 13. Bb5 Bd7 14. Rc1 Rac8 15. O-O Nd8 {½-½ (64) Shankland,S (2691)-Pichot,A (2630) chess24.com INT 2020}) 10. cxd5 Qxd5 11. dxe5 {[#] Threatens to win with Rd1.} Rd8 12. e3 Bf5 13. Nh4 $1 {[%cal Rh4f5]} Bg4 14. f3 {[%mdl 64] Double Attack} Nxc3 15. Qxc3 Be6 $132 {[%mdl 2048] Black is not keeping still} 16. f4 $1 {[#]} g5 $1 {[%cal Rg5h4][%mdl 512]} 17. fxg5 Nxe5 18. Be2 Nd3+ 19. Bxd3 Qxd3 20. Qxd3 Rxd3 21. Rd1 Rxe3+ 22. Kf2 Re4 23. Nf3 Re8 24. Rhe1 Rxe1 25. Rxe1 $11 {[%mdl 4096] Endgame KRB-KRN} Rd8 26. Ke3 Rd5 27. h4 Kg7 28. Kf4 Rf5+ 29. Ke4 Rc5 30. Re2 a5 31. Nd4 Bd7 32. Kf4 Rd5 33. Rd2 f6 34. gxf6+ Kxf6 35. g4 Rc5 36. Nf3 Be6 37. g5+ Ke7 38. Re2 Rf5+ 39. Ke4 c5 40. h5 Rf8 41. Re1 b6 {The position is equal.} 42. Ne5 Rf5 43. Rg1 Rf2 44. h6 Bf5+ 45. Ke3 Rxb2 46. g6 hxg6 47. Nf3 Rb3+ 48. Kf4 {Black must now prevent h7.} Rd3 49. h7 Rd8 {...Kf6 is the strong threat.} 50. Nh4 Kf7 {Strongly threatening ...Bc2.} 51. Nxf5 gxf5 52. Kxf5 {aiming for Rd1! KR-KR} Rd5+ 53. Ke4 Rd4+ 54. Ke5 Rh4 55. Rb1 Rh5+ 56. Ke4 Rxh7 {And now ...Rh6 would win.} 57. Rxb6 Rh3 58. Kd5 Rxa3 59. Kxc5 {Av CentiPawn Loss W=-3/B=-3. Weighted=-4/-4} 1/2-1/2

[Event "73rd RUS-ch Higher League 2020"]
[Site "Sochi"]
[Date "2020.10.15"]
[Round "7.8"]
[White "Demchenko, Anton"]
[Black "Sjugirov, Sanan"]
[Result "1/2-1/2"]
[WhiteElo "2632"]
[BlackElo "2675"]
[Annotator "TA"]
[PlyCount "87"]
[EventDate "2020.10.08"]
[EventType "swiss"]
[EventCountry "RUS"]
[SourceTitle "playchess.com"]
[Source "ChessBase"]
[SourceQuality "1"]

{[%evp 17,87,0,5,-7,0,0,7,0,11,0,12,11,7,0,0,0,19,17,15,0,10,8,20,12,8,8,8,8,14,7,17,0,12,0,0,0,0,0,0,0,0,0,0,-8,-6,-13,-19,-18,-17,-16,0,-9,-14,-41,-20,-44,-39,-43,0,-8,-9,-17,-17,-20,-20,-67,0,0,0,-69,0,0]} 1. e4 e5 2. Nf3 Nc6 3. Nc3 Nf6 4. d4 exd4 5. Nxd4 Bb4 6. Nxc6 bxc6 7. Bd3 O-O 8. O-O d5 9. exd5 cxd5 10. h3 {C47: Scotch Four Knights and Four Knights with 4 g3.} Rb8 11. a3 {[#]} Be7 $146 ({Predecessor:} 11... Bxc3 12. bxc3 c5 13. Be3 c4 14. Be2 Ne4 15. Bxa7 Nxc3 16. Qe1 Nxe2+ 17. Qxe2 Rb7 {½-½ (92) Tukhaev,A (2527)-Ragger,M (2687) St Petersburg 2018}) 12. b3 c5 13. Bf4 Bd6 14. Qd2 Be6 15. Rfe1 Bxf4 16. Qxf4 Qa5 17. Ne2 Rfe8 18. Ng3 Bd7 19. b4 cxb4 20. Rxe8+ Rxe8 21. Qxb4 Qc7 22. Rb1 h6 23. Ne2 {[%cal Bg3e2,Be2d4,Bd4f3,Bf3e5][%mdl 32]} Rc8 24. Nd4 Re8 25. Nf3 Rc8 26. Qb7 Qc5 27. Ne5 Be6 28. Qb4 Qc7 29. Qd4 Ne4 30. Ng4 Qc5 31. Qxc5 Nxc5 32. Bf1 Nd7 33. Bd3 Nc5 34. Bf1 Kf8 35. Rb4 Ke7 36. Ne5 Bf5 37. Nd3 Nd7 38. g4 Be4 39. Rb7 {[#] And now Ne5 would win.} Kd6 40. Rxa7 Rxc2 41. Ra6+ Kc7 42. Ra7+ Kd6 43. Ra6+ Kc7 ({Black should try} 43... Rc6 $15 44. Rxc6+ Kxc6) 44. Ra7+ {Av CentiPawn Loss W=-10/B=-5. Weighted=-11/-5} 1/2-1/2

[Event "73rd RUS-ch Higher League 2020"]
[Site "Sochi"]
[Date "2020.10.15"]
[Round "7.9"]
[White "Riazantsev, Alexander"]
[Black "Sviridov, Valery"]
[Result "1-0"]
[WhiteElo "2638"]
[BlackElo "2558"]
[Annotator "TA"]
[PlyCount "81"]
[EventDate "2020.10.08"]
[EventType "swiss"]
[EventCountry "RUS"]
[SourceTitle "playchess.com"]
[Source "ChessBase"]
[SourceQuality "1"]

{[%evp 12,81,48,55,60,56,59,27,30,30,29,34,27,44,43,0,54,28,81,104,88,102,74,66,68,26,114,127,153,156,177,171,203,197,330,317,312,282,355,368,427,406,411,395,395,0,373,359,381,370,349,0,334,302,601,185,332,322,554,368,377,348,825,316,352,364,393,254,386,390,808,768]} 1. d4 g6 2. c4 Bg7 3. Nc3 c5 4. d5 Bxc3+ 5. bxc3 f5 6. h4 Nf6 7. h5 {Hoping for hxg6.} gxh5 {A40: Unusual replies to 1 d4.} 8. Nh3 {[#]} d6 $146 ({Predecessor:} 8... Qa5 9. Qc2 d6 10. f3 Nbd7 11. Bg5 Ne5 12. Bxf6 exf6 13. e3 Bd7 14. Nf4 O-O-O 15. Kf2 {1-0 (27) Martinez Alcantara,J (2469)-Garnier,R (2178) Antofagasta 2016}) 9. Qa4+ Nbd7 {White has an edge.} 10. Nf4 O-O 11. Nxh5 Nxh5 12. Rxh5 Nf6 13. Rh3 Kh8 ({Black should try} 13... f4 $11 14. Rh4 Ng4) 14. Bg5 Rg8 (14... Rf7 $11 {remains equal.}) 15. Bxf6+ $1 $16 exf6 16. Qc2 Bd7 17. e3 Qe7 18. f4 a6 {Black is on the road to losing.} (18... Qe4 $11 {keeps the balance.} 19. Qb1 Rae8) 19. Bd3 b5 20. Kf2 $1 bxc4 21. Bxf5 {[%cal Rh3h7]} Bxf5 22. Qxf5 Rab8 (22... Rae8 {was necessary.} 23. e4 Rg7) 23. Rah1 {[%cal Rh3h7]} Rg7 {[#]} 24. Kf3 $1 Re8 {[%csl Ge8][%cal Re7e3]} 25. e4 Rb8 26. Rh6 Rf7 27. Qe6 Qf8 28. Qf5 {[%cal Rh6h7]} Qe7 $1 29. g3 a5 30. Qe6 Qf8 31. Qf5 {[%cal Rh6h7]} Qe7 32. a4 Rg8 $2 (32... Re8 33. R1h5 Rb8) 33. Rb1 $2 $40 {[%mdl 128] White goes for the king.} (33. Qe6) 33... Rff8 (33... Rfg7 $142 34. Rh3 (34. Qxf6 $2 Qxf6 35. Rxf6 Rxg3+ 36. Kf2 Rg2+ 37. Kf1 Rg1+ 38. Kf2 Rxb1 $19) 34... Qf7) 34. g4 $18 Rg7 $2 (34... Rf7 35. Qe6 Re8) 35. Rb5 Qd8 36. Rb2 Rgf7 $2 (36... Rc7 37. Rbh2 Rff7) 37. Rb1 $2 (37. Rbh2 {[%cal Rh6h7]} Qd7 {[#]} 38. Rxh7+ $1 {[%mdl 512]} Rxh7 39. Qxd7 Rxh2 40. Qxd6 {[%mdl 64] Double Attack}) 37... Rg7 38. Rh2 Qe7 39. Rb5 Qd8 (39... Rfg8 $142 40. Rh4 (40. Rxa5 Rxg4 41. Ra8 Rxf4+ 42. Kxf4 Rxa8 $11) 40... Qd8) 40. Rhb2 Rfg8 $2 {[#]} (40... Rgf7 41. Rb7 Qe8) 41. Rb8 $1 {[%mdl 512] Av CentiPawn Loss W=-46/B=-87. Weighted=-58/-96} 1-0

[Event "73rd RUS-ch Higher League 2020"]
[Site "Sochi"]
[Date "2020.10.15"]
[Round "7.10"]
[White "Lysyj, Igor"]
[Black "Lobanov, Sergei"]
[Result "1-0"]
[WhiteElo "2593"]
[BlackElo "2510"]
[Annotator "TA"]
[PlyCount "113"]
[EventDate "2020.10.08"]
[EventType "swiss"]
[EventCountry "RUS"]
[SourceTitle "playchess.com"]
[Source "ChessBase"]
[SourceQuality "1"]

{[%evp 14,113,22,13,10,0,9,19,27,25,24,23,35,-7,0,0,41,29,73,56,75,70,71,78,63,66,73,69,71,70,78,68,72,60,64,43,85,40,90,89,118,122,137,109,97,11,88,0,6,6,27,27,25,25,44,37,100,78,82,82,82,0,337,335,349,275,354,329,286,0,277,284,291,269,291,289,279,251,109,148,692,1564,5093,4984,1046,1443,29968,9925,29964,29964,29963,1927,29965,29965,29970,29972,29971,29972,29972,29971,29963,29965]} 1. d4 Nf6 2. c4 g6 3. Nc3 d5 4. cxd5 Nxd5 5. Bd2 Bg7 6. e4 Nxc3 7. Bxc3 O-O 8. Qd2 Nd7 {D85: Exchange Grünfeld: Unusual White 7th moves and lines with 7 Nf3.} 9. Nf3 b6 10. Bd3 Bb7 {The position is equal.} 11. O-O e6 12. b4 c5 13. bxc5 bxc5 14. Ba5 {[#]} Qe7 $146 ({Predecessor:} 14... Qb8 15. Rac1 Rc8 16. Bb5 Nf6 17. dxc5 Bxe4 18. Be2 Qb7 19. Rfd1 Rab8 20. h3 Bd5 {½-½ (54) L'Ami,A (2393)-Kenney,J (2104) Reykjavik 2015}) 15. Rab1 Nf6 16. Qg5 $36 {[%mdl 2048] White has the initiative.} Rfc8 17. e5 Bxf3 $1 18. gxf3 Nd5 {[%cal Bf6d5,Bd5e7,Be7c6][%mdl 32]} 19. Qxe7 Nxe7 20. Ba6 $1 Nc6 21. Bxc8 Rxc8 22. Bd2 Nxd4 23. Kg2 Bxe5 24. f4 Bf6 25. Rfc1 Rc6 26. Rb7 a6 27. Be3 e5 28. fxe5 Bxe5 29. a4 ({White should play} 29. Rcb1 $1 $16) 29... Ne6 (29... Nf5 $11) 30. Rc4 (30. Rcb1 $16) 30... Kg7 31. Rd7 Kf6 32. f4 Bd6 33. Kf3 Nf8 34. Rb7 Ke6 ({Black should try} 34... Ne6 $14) 35. Re4+ Kd5 36. Rxf7 Ne6 37. Rd7 (37. Rxh7 $16 {Hoping for Rf7.} Rb6 38. Rh6) 37... Nd4+ $2 {[%mdl 8192]} (37... Rb6 $11 {and Black is okay.}) 38. Bxd4 $1 $18 cxd4 {[%mdl 4096] Endgame KRR-KRB} 39. Re5+ $1 Kc4 40. Re6 Kd5 41. Re5+ Kc4 42. Ke4 $1 Bxe5 43. fxe5 {KR-KR} Kc5 44. Rxh7 ({Not} 44. Rxd4 a5 $16) 44... Rc8 45. Rd7 {Threatens to win with e6.} Rh8 {[#]} 46. Rc7+ $1 Kb4 $2 {[%mdl 8192] Now Black is done in.} (46... Kb6 $16 47. Rc1 Rxh2) 47. Kxd4 Kxa4 48. Rc2 Rd8+ {[#]} 49. Ke4 $1 Rd1 50. e6 (50. Re2 $142 Kb5 51. e6 Kc6 52. Kf4 Rd8 53. Kg5 Rd5+ 54. Kf6 Rd6 55. Kg5 Rd5+ 56. Kh6 Rh5+ 57. Kxg6) 50... Re1+ 51. Kd5 Kb3 52. Rd2 (52. Rf2 $142 g5 53. Rf5 Re2 54. Re5 Rd2+ 55. Kc5 Rc2+ 56. Kb6 Rxh2 57. e7 Rh6+ 58. Ka5) 52... a5 53. Kd6 {White mates.} a4 54. e7 a3 55. Kd7 Kc3 56. Rf2 Rd1+ 57. Ke6 {Av CentiPawn Loss W=-27/B=-33. Weighted=-12/32} 1-0

[Event "73rd RUS-ch Higher League 2020"]
[Site "Sochi"]
[Date "2020.10.15"]
[Round "7.11"]
[White "Zvjaginsev, Vadim"]
[Black "Zabotin, Alexander"]
[Result "1/2-1/2"]
[WhiteElo "2617"]
[BlackElo "2486"]
[Annotator "TA"]
[PlyCount "115"]
[EventDate "2020.10.08"]
[EventType "swiss"]
[EventCountry "RUS"]
[SourceTitle "playchess.com"]
[Source "ChessBase"]
[SourceQuality "1"]

{[%evp 9,115,45,62,47,67,49,60,43,33,35,46,45,39,33,44,34,39,55,40,35,36,41,99,93,108,53,49,50,52,59,32,35,76,72,94,7,7,6,6,6,7,7,7,0,0,0,0,0,0,0,0,0,0,0,0,0,0,0,0,0,0,0,0,0,0,-10,0,0,0,0,0,0,0,0,14,0,0,0,0,0,0,0,11,0,0,0,0,0,0,0,0,0,0,0,0,0,0,0,0,0,0,0,0,0,0,0,0,0]} 1. e4 d5 2. exd5 Qxd5 3. Nc3 Qd6 4. d4 Nf6 5. Nf3 c6 6. h3 {B01: Scandinavian Defence.} g6 7. Bc4 Be6 8. Bb3 {[#] White is slightly better.} Bg7 $146 ({Predecessor:} 8... Bxb3 9. axb3 Qe6+ 10. Ne5 Nbd7 11. O-O Nxe5 12. dxe5 Qxe5 13. Re1 Qf5 14. g4 Qd7 {1-0 (24) Dominguez Perez,L (2752)-Andreikin,D (2759) Hengshui 2019}) 9. O-O O-O 10. Re1 {Hoping for Bxe6.} Bxb3 11. axb3 Nbd7 12. Bg5 e6 13. Qe2 a6 14. Rad1 h6 15. Bh4 Nh5 (15... Qb4 $14) 16. Ne4 $16 Qb4 {[#]} 17. Nfd2 ({Better is} 17. Ne5 $1 $16 {[%cal Re5d7]} Nxe5 18. dxe5) 17... f5 $14 18. c3 Qb5 $1 {[%cal Rb5e2]} 19. Nd6 {[%mdl 64] Discovered Attack} Qxe2 20. Rxe2 g5 21. Bg3 $1 c5 22. Rxe6 (22. Bh2 $16) 22... Nxg3 {The position is equal.} 23. fxg3 {aiming for Re7.} cxd4 24. cxd4 Bxd4+ {[%mdl 64] [#] Double Attack} 25. Kh2 Nc5 $132 {[%mdl 2048] Black is not keeping still} 26. Rxh6 {Rg6+ is the strong threat.} Kg7 27. Rh5 Kg6 28. Rxg5+ {[%mdl 64] Decoy} Kxg5 29. Nf3+ {[%mdl 64] Double Attack} Kf6 {White must now prevent ...Be5.} 30. Nxd4 Rad8 31. N4xf5 Ne4 $1 {[%cal Re4d6]} 32. Nxe4+ Kxf5 $11 {[%mdl 4096] Endgame KRR-KRN} 33. Re1 Kg6 34. Nc5 Rfe8 35. Ra1 Re7 36. Ra4 Rd2 37. h4 Rxb2 38. Rb4 Rc2 39. Nxb7 Ree2 40. Kh3 (40. Rg4+ {is more complex.} Kh6 41. Rg5 Rxg2+ 42. Kh3 Rcd2 43. Ra5) 40... Rxg2 41. Nd6 Rh2+ 42. Kg4 Rc6 43. Ne4 Re6 44. Ng5 Rd6 45. Nf3 Rh1 46. Rb8 a5 47. Rb5 Ra6 48. h5+ Kf6 49. Ng5 a4 {Threatens to win with ...a3.} 50. Ne4+ Kg7 {And now ...a3 would win.} 51. Nc5 a3 52. Nxa6 {KRN-KR} a2 53. Ra5 a1=Q 54. Rxa1 Rxa1 55. Nc5 Kh6 56. Ne6 Ra5 57. Nf4 Rb5 58. Kh4 {Av CentiPawn Loss W=-4/B=-3. Weighted=-4/-3} 1/2-1/2

[Event "73rd RUS-ch Higher League 2020"]
[Site "Sochi"]
[Date "2020.10.15"]
[Round "7.12"]
[White "Nesterov, Arseniy"]
[Black "Kobalia, Mikhail"]
[Result "1/2-1/2"]
[WhiteElo "2510"]
[BlackElo "2614"]
[Annotator "TA"]
[PlyCount "80"]
[EventDate "2020.10.08"]
[EventType "swiss"]
[EventCountry "RUS"]
[SourceTitle "playchess.com"]
[Source "ChessBase"]
[SourceQuality "1"]

{[%evp 16,80,25,13,20,0,0,-4,0,6,25,0,4,0,8,0,0,0,0,0,0,-7,5,8,11,10,10,0,0,6,16,0,6,0,0,0,0,0,0,0,7,7,8,0,0,0,0,0,0,0,0,0,0,0,0,0,0,0,0,0,0,0,0,0,0,0,0]} 1. d4 d5 2. c4 c6 3. Nf3 Nf6 4. Nc3 dxc4 5. a4 e6 6. e3 c5 7. Bxc4 Nc6 8. O-O cxd4 9. exd4 Be7 {D16: Slav Defence: 5 a4: Lines with 5...Bg4 and 5...Na6.} 10. Re1 O-O 11. Bf4 {is the new trend.} Nd5 12. Bg3 Ncb4 13. Ne5 Bd7 {The position is equal.} 14. Nxd5 (14. Qb3 {keeps more tension.} Nb6 15. Be2 a5 16. Bf3 Bc6 17. Nxc6 bxc6 18. Rad1) 14... exd5 15. Nxd7 Qxd7 16. Bb5 {[#]} Nc6 $146 ({Predecessor:} 16... Qd8 17. Rc1 Bd6 18. Qb3 a6 19. Bf1 Bxg3 20. hxg3 Qd6 21. Rc5 b6 22. Rcc1 Rfe8 {½-½ (44) Ribli,Z (2577)-Kuljasevic,D (2501) Sibenik 2008}) 17. Rc1 Rfc8 18. Re2 (18. h3 {seems wilder.} Bg5 19. Rc5 Be7 20. Rc2 Bb4 21. Re3) 18... a6 19. Bxc6 $1 bxc6 20. h3 a5 21. Be5 Bf8 22. Qd3 Qb7 23. h4 Re8 24. h5 h6 25. Rcc2 Re6 26. Bf4 Rxe2 27. Rxe2 Qb4 28. b3 c5 29. Bd2 c4 30. bxc4 Qxc4 31. Qxc4 dxc4 $11 {[%mdl 4096] Endgame KRB-KRB} 32. d5 Bb4 33. Bxb4 $1 axb4 {KR-KR} 34. Re4 Rxa4 35. Rxc4 Ra1+ 36. Kh2 Rd1 37. Rxb4 Rxd5 38. g4 f5 39. f3 fxg4 40. fxg4 Kh7 {Not much happened in this game. Av CentiPawn Loss W=-2/B=-2. Weighted=-2/-2} 1/2-1/2

[Event "73rd RUS-ch Higher League 2020"]
[Site "Sochi"]
[Date "2020.10.15"]
[Round "7.12"]
[White "Nesterov, Arseniy"]
[Black "Kobalia, Mikhail"]
[Result "*"]
[WhiteElo "2510"]
[BlackElo "2614"]
[Annotator "TA"]
[PlyCount "39"]
[EventDate "2020.10.08"]
[EventType "swiss"]
[EventCountry "RUS"]
[SourceTitle "playchess.com"]
[Source "ChessBase"]
[SourceQuality "1"]

{[%evp 16,26,22,16,18,12,0,0,15,14,4,3,10]} 1. d4 d5 2. c4 c6 3. Nf3 Nf6 4. Nc3 dxc4 5. a4 e6 6. e3 c5 7. Bxc4 Nc6 8. O-O cxd4 9. exd4 {The position is equal.} Be7 {D16: Slav Defence: 5 a4: Lines with 5...Bg4 and 5...Na6.} 10. Re1 O-O 11. Bf4 {The modern move.} Nd5 12. Bg3 Ncb4 13. Ne5 Bd7 {[#] Not much happened in this game.} {Predecessor:} 14. Qb3 $146 Bc6 15. a5 Rc8 16. Nxc6 bxc6 17. Na4 Bd6 18. Nc5 Bxg3 19. hxg3 Rb8 20. Qa4 {0-1 (61) Bocharov,D (2614)-Rublevsky,S (2680) Sochi 2007} *